| 000 | 00692nam a2200217Ia 4500 | ||
|---|---|---|---|
| 003 | GCL | ||
| 008 | 140319s9999 xx 000 0 ara d | ||
| 040 |
_aGCL / _cGCL |
||
| 082 | 0 | 4 |
_a301.31 _bا ا |
| 100 | 1 | _aال جور | |
| 245 | 1 | 0 |
_aالارض فى الميزان: الايكولوجيا وروح الانسان / _cال جور |
| 700 | 1 | _aعواطف عبدالجليل | |
| 260 |
_aالقاهرة : _bمركز الاهرام للترجمة والنشر ، _c1994 |
||
| 300 |
_a403 ص ؛ _c25 سم |
||
| 490 | _a | ||
| 650 | 0 | 4 | _aالبيئة |
| 650 | 0 | 4 | _aتلوث البيئة |
| 650 | 0 | 4 | _aحماية البيئة |
| 650 | 0 | 4 | _aالبيئة البحرية |
| 942 |
_2ddc _cBK |
||
| 999 |
_c55603 _d55603 |
||